[Event "Barcelona Sants op 25th"]
[Site "Barcelona"]
[Date "2024.08.31"]
[Round "9"]
[White "Anustoop, Biswas"]
[Black "Diaz Perez, Michel Alejandro"]
[Result "1-0"]
[WhiteElo "2257"]
[BlackElo "2487"]
[PlyCount "105"]
[EventDate "2024.08.23"]
[EventType "swiss"]
[EventRounds "10"]
[EventCountry "ESP"]
[SourceTitle "CBM 221 Extra"]
[Source "ChessBase"]
[SourceDate "2024.09.30"]
[SourceVersion "1"]
[SourceVersionDate "2024.09.30"]
[SourceQuality "1"]

1. e4 e5 2. Nf3 Nc6 3. Bc4 Nf6 4. d4 exd4 5. 0-0 Nxe4 6. Re1 d5 7. Bxd5 Qxd5 8. Nc3 Qd7 9. Nxe4 Be7 10. Bg5 0-0 11. Bxe7 Qxe7 12. Nxd4 Nxd4 13. Qxd4 Rd8 14. Qc3 b6 15. Re3 c5 16. Rae1 Bb7 17. Ng3 Qg5 18. Ne4 Qh6 19. Qe5 Bd5 20. Ng3 f6 21. Qc7 Qg6 22. Re7 h5 23. h4 Bf7 24. Ne4 Rd4 25. c3 Rd3 26. Ng3 Rf8 27. Qf4 a5 28. Nf5 Rd5 29. Ne3 Rd2 30. Nf5 Rxb2 31. R1e3 Rxa2 32. Rg3 Ra4 33. Re4 Rxe4 34. Qxe4 Re8 35. Qf4 a4 36. Rxg6 Bxg6 37. Ne3 Ra8 38. Qf3 Ra7 39. Qg3 Kh7 40. Qb8 Ra6 41. Qb7 Ra5 42. Qxb6 Ra8 43. Qc6 Ra7 44. Qxc5 Rb7 45. Qa5 Rb3 46. Qxa4 Rxc3 47. Qd7 Rc5 48. Nd5 Kh6 49. Ne7 Bc2 50. Qd4 Re5 51. Qd2+ g5 52. hxg5+ fxg5 53. Qd6+ 1-0

[Event "Sant Adria de Besos op 6th"]
[Site "Sant Adria de Besos"]
[Date "2024.08.14"]
[Round "4"]
[White "Sudarshan, Bhat"]
[Black "Anustoop, Biswas"]
[Result "0-1"]
[WhiteElo "2025"]
[BlackElo "2257"]
[PlyCount "66"]
[EventDate "2024.08.11"]
[EventType "swiss"]
[EventRounds "9"]
[EventCountry "ESP"]
[SourceTitle "EXT 2025"]
[Source "ChessBase"]
[SourceDate "2024.10.14"]
[SourceVersion "1"]
[SourceVersionDate "2024.10.14"]
[SourceQuality "1"]

1. Nc3 c5 2. Nf3 d5 3. e4 d4 4. Ne2 Nc6 5. Ng3 h5 6. h4 Bg4 7. Be2 e6 8. Ng5 Bd6 9. Nxh5 Bxe2 10. Qxe2 d3 11. Qg4 Bf8 12. c3 g6 13. Nf4 Qd7 14. b3 0-0-0 15. Bb2 c4 16. Rh3 Nf6 17. Qf3 Ne5 18. Qe3 b6 19. bxc4 Bc5 20. Qg3 Nfg4 21. Nxd3 Nxd3+ 22. Qxd3 Qxd3 23. Rxd3 Rxd3 24. Nf3 Bxf2+ 25. Ke2 Rhd8 26. Nd4 Rg3 27. Nc6 Rd7 28. Rf1 Rxg2 29. Kf3 Rxd2 30. Bc1 Rg3+ 31. Kf4 Rdd3 32. Ne5 Nxe5 33. Kxe5 Rgf3 0-1

[Event "Sant Adria de Besos op 6th"]
[Site "Sant Adria de Besos"]
[Date "2024.08.12"]
[Round "2"]
[White "Catalan Monteagudo, Elm"]
[Black "Anustoop, Biswas"]
[Result "1-0"]
[WhiteElo "2046"]
[BlackElo "2257"]
[PlyCount "65"]
[EventDate "2024.08.11"]
[EventType "swiss"]
[EventRounds "9"]
[EventCountry "ESP"]
[SourceTitle "EXT 2025"]
[Source "ChessBase"]
[SourceDate "2024.10.14"]
[SourceVersion "1"]
[SourceVersionDate "2024.10.14"]
[SourceQuality "1"]

1. d4 d5 2. c4 e6 3. Nf3 Nf6 4. g3 Be7 5. Bg2 0-0 6. 0-0 dxc4 7. Ne5 Nd5 8. Nxc4 b5 9. Ne5 Bb7 10. Nd2 Nd7 11. Nxd7 Qxd7 12. Nb3 Rfd8 13. Bd2 e5 14. Ba5 exd4 15. Rc1 Rab8 16. Qxd4 Nb6 17. Qxd7 Rxd7 18. Bh3 Rdd8 19. Nc5 Bc8 20. Bg2 Bd6 21. b3 Re8 22. e3 Re5 23. Nd3 Re7 24. Bb4 Bb7 25. Bxd6 cxd6 26. Nb4 Bxg2 27. Kxg2 Rd7 28. Rfd1 Kf8 29. Rc6 Ke7 30. Kf3 Ke6 31. Na6 Rbd8 32. Nc5+ Ke7 33. Nxd7 1-0

[Event "Aix en Provence Dole op 2nd"]
[Site "Aix en Provence"]
[Date "2024.07.20"]
[Round "1"]
[White "Anustoop, Biswas"]
[Black "Motylev, Alexander"]
[Result "0-1"]
[WhiteElo "2276"]
[BlackElo "2588"]
[PlyCount "80"]
[EventDate "2024.07.20"]
[EventType "swiss"]
[EventRounds "9"]
[EventCountry "FRA"]
[SourceTitle "CBM 221 Extra"]
[Source "ChessBase"]
[SourceDate "2024.09.30"]
[SourceVersion "1"]
[SourceVersionDate "2024.09.30"]
[SourceQuality "1"]

1. e4 c5 2. Nc3 Nc6 3. f4 g6 4. Nf3 Bg7 5. a4 e6 6. e5 d6 7. Bb5 Nge7 8. Ne4 dxe5 9. fxe5 0-0 10. Nf6+ Kh8 11. d4 Nxd4 12. c3 Nxf3+ 13. Qxf3 a6 14. Bg5 axb5 15. Qh3 h5 16. 0-0 Qc7 17. g4 Qxe5 18. Qh4 Ng8 19. Rae1 Qxe1 20. Rxe1 Nxf6 21. Bxf6 Rxa4 22. b4 cxb4 23. Qg5 Kg8 24. gxh5 bxc3 25. h6 Rg4+ 26. Qxg4 Bxf6 27. Qb4 Rd8 28. Qxb5 Bd4+ 29. Kf1 e5 30. Kg2 c2 31. Rf1 Be6 32. Rc1 Rc8 33. Kf3 Rc3+ 34. Kg2 Kh7 35. Qa4 Bh3+ 36. Kh1 Bf5 37. h4 Be3 38. Rxc2 Rxc2 39. h5 Bd4 40. hxg6+ Kxg6 0-1

[Event "Barbera del Valles op 46th"]
[Site "Barbera del Valles"]
[Date "2024.07.11"]
[Round "8"]
[White "Bakshi, Rutuja"]
[Black "Anustoop, Biswas"]
[Result "1/2-1/2"]
[WhiteElo "2058"]
[BlackElo "2276"]
[PlyCount "102"]
[EventDate "2024.07.04"]
[EventType "swiss"]
[EventRounds "9"]
[EventCountry "ESP"]
[SourceTitle "CBM 221 Extra"]
[Source "ChessBase"]
[SourceDate "2024.09.30"]
[SourceVersion "1"]
[SourceVersionDate "2024.09.30"]
[SourceQuality "1"]

1. d4 e6 2. Bf4 b6 3. e3 Bb7 4. Nf3 Nf6 5. h3 Be7 6. Nbd2 d6 7. Bd3 Nbd7 8. Qe2 Nd5 9. c3 Nxf4 10. exf4 g6 11. Be4 Qc8 12. Bxb7 Qxb7 13. 0-0 0-0 14. Rfe1 Bf6 15. Ne4 Bg7 16. Rad1 Nf6 17. Nxf6+ Bxf6 18. Qd3 Rab8 19. d5 exd5 20. Qxd5 Qxd5 21. Rxd5 Rfe8 22. Rxe8+ Rxe8 23. Kf1 Rd8 24. Nd4 Bxd4 25. Rxd4 f5 26. f3 Kf7 27. Rd2 Re8 28. Kf2 Re6 29. g4 Kf6 30. Rd1 Re7 31. Rd2 a5 32. Rd1 Re6 33. Rd2 Re8 34. Rd1 a4 35. h4 Ra8 36. Rh1 Ra5 37. Ke3 Rb5 38. Rh2 Rd5 39. Rh1 b5 40. g5+ Kg7 41. b4 c5 42. Ke2 Kf7 43. a3 Ke6 44. Rc1 c4 45. Rd1 Rxd1 46. Kxd1 d5 47. Kc2 Kd6 48. Kd2 d4 49. cxd4 Ke6 50. Kc2 Kf7 51. Kd2 Ke6 1/2-1/2

[Event "Barbera del Valles op 46th"]
[Site "Barbera del Valles"]
[Date "2024.07.10"]
[Round "7"]
[White "Anustoop, Biswas"]
[Black "Thakur, Akash"]
[Result "1/2-1/2"]
[WhiteElo "2276"]
[BlackElo "2233"]
[PlyCount "160"]
[EventDate "2024.07.04"]
[EventType "swiss"]
[EventRounds "9"]
[EventCountry "ESP"]
[SourceTitle "CBM 221 Extra"]
[Source "ChessBase"]
[SourceDate "2024.09.30"]
[SourceVersion "1"]
[SourceVersionDate "2024.09.30"]
[SourceQuality "1"]

1. e4 e5 2. Nf3 Nc6 3. Bc4 Bc5 4. c3 Nf6 5. d3 a6 6. a4 d6 7. 0-0 0-0 8. h3 h6 9. Re1 Be6 10. Nbd2 Ba7 11. b4 Re8 12. Bxe6 Rxe6 13. Bb2 Qe8 14. Nf1 Rd8 15. b5 Nb8 16. c4 Nbd7 17. Ng3 Kh7 18. Bc1 Ng8 19. Ra2 g6 20. Nh2 Qf8 21. Kh1 Rde8 22. f4 exf4 23. Bxf4 Qg7 24. Rf1 Ne5 25. Ng4 Nxg4 26. Qxg4 R8e7 27. Ne2 Nf6 28. Qf3 Nh5 29. Qg4 Rf6 30. Raa1 Nxf4 31. Nxf4 c6 32. Rad1 Be3 33. bxa6 bxa6 34. Ne2 Rxf1+ 35. Rxf1 Qb2 36. Ng3 Bd4 37. Qc8 Qb7 38. Qd8 Rd7 39. Qe8 Re7 40. Qd8 Rd7 41. Qe8 Bg7 42. Ne2 d5 43. cxd5 cxd5 44. Ng3 Qc7 45. Rf3 Be5 46. Nf1 dxe4 47. dxe4 Re7 48. Qa8 Qc4 49. Qd5 Qc7 50. Qa8 Qb7 51. Qd8 Bg7 52. Qd5 Qd7 53. Ng3 Be5 54. Nf1 Kg7 55. Qc4 Qb7 56. Ne3 Rc7 57. Qd3 Qb4 58. Rf1 Qxa4 59. Ng4 Qd4 60. Qxa6 Qxe4 61. Nf6 Bxf6 62. Qxf6+ Kh7 63. Qf3 Qxf3 64. Rxf3 Kg7 65. Kh2 f5 66. h4 Rc4 67. g3 Rc2+ 68. Kg1 Kf6 69. Ra3 f4 70. gxf4 Kf5 71. Ra4 Rb2 72. Rc4 Ra2 73. Rb4 Rd2 74. Ra4 Re2 75. Rb4 h5 76. Rb5+ Kxf4 77. Rg5 Re6 78. Kg2 Rd6 79. Kf2 Re6 80. Kg2 Rd6 1/2-1/2

[Event "Monsaraz Rapid op"]
[Site "Monsaraz"]
[Date "2023.11.25"]
[Round "8"]
[White "Anustoop, Biswas"]
[Black "Tahay, Alexis"]
[Result "1-0"]
[WhiteElo "2256"]
[BlackElo "2416"]
[PlyCount "125"]
[EventDate "2023.11.25"]
[EventType "swiss (rapid)"]
[EventRounds "9"]
[EventCountry "POR"]
[SourceTitle "CBM 217 Extra"]
[Source "ChessBase"]
[SourceDate "2024.01.31"]
[SourceVersion "1"]
[SourceVersionDate "2024.01.31"]
[SourceQuality "1"]

1. e4 c5 2. Nc3 Nc6 3. f4 g6 4. Nf3 Bg7 5. a3 e6 6. b4 b6 7. Rb1 Nge7 8. e5 d6 9. bxc5 dxe5 10. cxb6 axb6 11. fxe5 Nxe5 12. Nxe5 Bxe5 13. Qf3 Rb8 14. Bb5+ Bd7 15. Ne4 Nf5 16. c3 0-0 17. d4 Bxb5 18. dxe5 Qd3 19. Nf6+ Kg7 20. Qxd3 Bxd3 21. Rb4 Rfd8 22. g4 Ne7 23. Bf4 Rbc8 24. Rd4 Rxd4 25. cxd4 Rc2 26. h4 Re2+ 27. Kd1 Rf2 28. Be3 Rg2 29. h5 g5 30. Bxg5 Nc6 31. Be3 Na5 32. h6+ Kf8 33. Rg1 Ra2 34. Rg3 Nc4 35. Bc1 Bc2+ 36. Ke2 Ke7 37. Rc3 b5 38. Kf3 Bd1+ 39. Kg3 Bc2 40. Bg5 Kf8 41. a4 Bxa4 42. Nxh7+ Kg8 43. Nf6+ Kh8 44. Ne4 Rc2 45. Rxc2 Bxc2 46. Nd6 Ba4 47. Nxf7+ Kh7 48. Nd6 Nb6 49. Bd2 Nd5 50. Ne8 b4 51. Nf6+ Kg6 52. h7 Kg7 53. Bh6+ Kh8 54. g5 Nxf6 55. gxf6 Be8 56. d5 Kxh7 57. dxe6 Kg6 58. f7 Bxf7 59. exf7 Kxf7 60. Bc1 Ke6 61. Bb2 Kd5 62. Kf4 Ke6 63. Ke4 1-0

[Event "Monsaraz Rapid op"]
[Site "Monsaraz"]
[Date "2023.11.25"]
[Round "9"]
[White "Silva, Tiago Alexandre Pin"]
[Black "Anustoop, Biswas"]
[Result "0-1"]
[WhiteElo "1875"]
[BlackElo "2256"]
[PlyCount "96"]
[EventDate "2023.11.25"]
[EventType "swiss (rapid)"]
[EventRounds "9"]
[EventCountry "POR"]
[SourceTitle "CBM 217 Extra"]
[Source "ChessBase"]
[SourceDate "2024.01.31"]
[SourceVersion "1"]
[SourceVersionDate "2024.01.31"]
[SourceQuality "1"]

1. e4 e6 2. d4 d5 3. exd5 exd5 4. Bd3 Nc6 5. Ne2 Nb4 6. 0-0 Nxd3 7. Qxd3 Be7 8. Bf4 c6 9. Nd2 Nf6 10. Ng3 Qd7 11. Nf3 0-0 12. Ne5 Qd8 13. Nf5 Bxf5 14. Qxf5 Qb6 15. Qd3 Bd6 16. Nd7 Nxd7 17. Bxd6 Rfe8 18. b3 Re6 19. Bg3 Rae8 20. Rad1 h6 21. h3 Qa5 22. a4 Qb4 23. c3 Qxb3 24. Rb1 Qxa4 25. Rxb7 Nb6 26. Qf5 Rf6 27. Qg4 Qa6 28. Rc7 Re4 29. Qh5 Qd3 30. Be5 Rxe5 31. Qxe5 Nc4 32. Qe8+ Kh7 33. Rxf7 Nd6 34. Rxg7+ Kxg7 35. Qe7+ Nf7 36. Qxa7 Qxc3 37. Ra1 Qd2 38. Ra2 Qe1+ 39. Kh2 Rxf2 40. Rxf2 Qxf2 41. Qc5 Qf6 42. Qc3 Qd6+ 43. Kg1 Qg6 44. Kh2 Ng5 45. Qc5 Qf6 46. Qa7+ Kg6 47. Qb6 Ne4 48. Qc7 Qd6+ 0-1

[Event "Monsaraz op"]
[Site "Monsaraz"]
[Date "2023.11.22"]
[Round "3"]
[White "Anustoop, Biswas"]
[Black "De Oliveira, Jairo Quintiliano"]
[Result "1-0"]
[WhiteElo "2256"]
[BlackElo "1857"]
[PlyCount "55"]
[EventDate "2023.11.21"]
[EventType "swiss"]
[EventRounds "9"]
[EventCountry "POR"]
[SourceTitle "CBM 217 Extra"]
[Source "ChessBase"]
[SourceDate "2024.01.31"]
[SourceVersion "1"]
[SourceVersionDate "2024.01.31"]
[SourceQuality "1"]

1. e4 e5 2. Bc4 Nc6 3. d3 Nf6 4. Nc3 Na5 5. Nge2 c6 6. Bg5 b5 7. Bb3 Bc5 8. 0-0 Qb6 9. Bxf6 gxf6 10. Ng3 Nxb3 11. axb3 Be7 12. Qf3 d6 13. Nh5 Qd8 14. Ng7+ Kf8 15. Nf5 Rg8 16. Ne2 Rg6 17. Neg3 Kg8 18. Qe3 a5 19. Nxe7+ Qxe7 20. Qb6 Ra6 21. Qb8 Qd7 22. Nf5 Kf8 23. b4 a4 24. c4 bxc4 25. dxc4 Ra7 26. Rfd1 d5 27. cxd5 Qc7 28. dxc6 1-0

[Event "Figueira da Foz op 17th"]
[Site "Figueira da Foz"]
[Date "2023.11.07"]
[Round "4"]
[White "Anustoop, Biswas"]
[Black "Sieciechowicz, Marcin"]
[Result "1/2-1/2"]
[WhiteElo "2256"]
[BlackElo "2407"]
[PlyCount "62"]
[EventDate "2023.11.05"]
[EventType "swiss"]
[EventRounds "9"]
[EventCountry "POR"]
[SourceTitle "CBM 217 Extra"]
[Source "ChessBase"]
[SourceDate "2024.01.31"]
[SourceVersion "1"]
[SourceVersionDate "2024.01.31"]
[SourceQuality "1"]

1. e4 e6 2. d4 d5 3. Nd2 c5 4. Ngf3 cxd4 5. Nxd4 Nc6 6. Bb5 Bd7 7. Nxc6 bxc6 8. Bd3 Bd6 9. Qe2 e5 10. exd5 cxd5 11. c4 Nf6 12. cxd5 Nxd5 13. Nc4 Bb4+ 14. Bd2 Bxd2+ 15. Qxd2 0-0 16. Bxh7+ Kxh7 17. Qxd5 Be6 18. Qxd8 Rfxd8 19. Ne3 f5 20. 0-0 Rd2 21. b3 f4 22. Nc4 Bxc4 23. bxc4 Rc8 24. Rfc1 Rc5 25. Rd1 Rxd1+ 26. Rxd1 Rxc4 27. f3 Ra4 28. Rd5 Rxa2 29. Rxe5 Ra1+ 30. Kf2 Ra2+ 31. Kg1 Ra1+ 1/2-1/2

[Event "Sant Adria de Besos op"]
[Site "Sant Adria de Besos"]
[Date "2022.08.17"]
[Round "8"]
[White "Anustoop, Biswas"]
[Black "Fernandez Guillen, Ernesto J"]
[Result "1/2-1/2"]
[WhiteElo "2145"]
[BlackElo "2390"]
[PlyCount "30"]
[EventDate "2022.08.11"]
[EventType "swiss"]
[EventRounds "9"]
[EventCountry "ESP"]
[SourceTitle "CBM 209 Extra"]
[Source "ChessBase"]
[SourceDate "2022.09.30"]
[SourceVersion "1"]
[SourceVersionDate "2022.09.30"]
[SourceQuality "1"]

1. e4 c5 2. Nf3 d6 3. d4 cxd4 4. Nxd4 a6 5. c4 Nf6 6. Nc3 g6 7. Be2 Bg7 8. Be3 0-0 9. 0-0 Nc6 10. h3 Bd7 11. Qd2 Rc8 12. Qd1 Ra8 13. Qd2 Rc8 14. Qd1 Ra8 15. Qd2 Rc8 1/2-1/2

[Event "Sant Adria de Besos op"]
[Site "Sant Adria de Besos"]
[Date "2022.08.16"]
[Round "7"]
[White "Anustoop, Biswas"]
[Black "Vergara Jofre, Felipe Andres"]
[Result "1-0"]
[WhiteElo "2145"]
[BlackElo "2196"]
[PlyCount "85"]
[EventDate "2022.08.11"]
[EventType "swiss"]
[EventRounds "9"]
[EventCountry "ESP"]
[SourceTitle "CBM 209 Extra"]
[Source "ChessBase"]
[SourceDate "2022.09.30"]
[SourceVersion "1"]
[SourceVersionDate "2022.09.30"]
[SourceQuality "1"]

1. e4 e5 2. Nf3 Nf6 3. Nxe5 d6 4. Nf3 Nxe4 5. Nc3 Nxc3 6. dxc3 Be7 7. Be3 Nd7 8. Qd2 0-0 9. h3 c6 10. 0-0-0 d5 11. Nd4 Re8 12. Nf5 Bf8 13. Bd4 Ne5 14. Ng3 b5 15. Bxe5 Rxe5 16. f4 Re8 17. Bd3 Qh4 18. Ne2 Bd7 19. Nd4 g6 20. Kb1 Bd6 21. Rhf1 a6 22. f5 c5 23. fxg6 hxg6 24. Nf3 Qf4 25. Bxg6 Qxd2 26. Rxd2 Bf4 27. Rxd5 Be6 28. Be4 Bxd5 29. Bxd5 Rad8 30. c4 Kg7 31. a4 bxc4 32. Bxc4 Re4 33. b3 Rb8 34. Ka2 a5 35. g3 Bc7 36. Ng5 Re7 37. Rf5 Bxg3 38. Nxf7 Be1 39. Ng5 Bb4 40. Ne6+ Kg6 41. Rf3 Bd2 42. Rd3 Bh6 43. Nxc5 1-0

[Event "Sant Adria de Besos op"]
[Site "Sant Adria de Besos"]
[Date "2022.08.14"]
[Round "4"]
[White "Gomez Jurado, Luis Alberto"]
[Black "Anustoop, Biswas"]
[Result "0-1"]
[WhiteElo "2115"]
[BlackElo "2145"]
[PlyCount "146"]
[EventDate "2022.08.11"]
[EventType "swiss"]
[EventRounds "9"]
[EventCountry "ESP"]
[SourceTitle "CBM 209 Extra"]
[Source "ChessBase"]
[SourceDate "2022.09.30"]
[SourceVersion "1"]
[SourceVersionDate "2022.09.30"]
[SourceQuality "1"]

1. Nf3 f5 2. d4 Nf6 3. g3 g6 4. c3 Bg7 5. Qb3 e6 6. Bg5 b6 7. Bg2 Bb7 8. 0-0 h6 9. Bxf6 Qxf6 10. a4 a5 11. Na3 0-0 12. Nb5 Rc8 13. Ne5 Bxg2 14. Kxg2 d6 15. Nd3 g5 16. f4 Kh7 17. fxg5 hxg5 18. e4 Na6 19. Rae1 Re8 20. exf5 exf5 21. Qd5 Rf8 22. h4 gxh4 23. Rh1 Qf7 24. Rxh4+ Kg8 25. Qf3 Rae8 26. Rf1 Re4 27. Nf4 d5 28. Rfh1 Rd8 29. g4 c6 30. Qh3 Kf8 31. gxf5 cxb5 32. Ne6+ Rxe6 33. fxe6 Qg6+ 34. Rg4 Qc2+ 35. Kg1 Qc1+ 36. Qf1+ Qxf1+ 37. Kxf1 Re8 38. Rf4+ Kg8 39. Rf7 Rf8 40. axb5 Nc7 41. Rxf8+ Kxf8 42. Ke2 Nxe6 43. Kd3 Ke7 44. Rf1 Bf6 45. b3 Nc7 46. c4 dxc4+ 47. Kxc4 Ke6 48. Re1+ Kd6 49. d5 Kd7 50. Rd1 Be7 51. Rh1 Ne8 52. Rh6 Nd6+ 53. Kd3 Bd8 54. Rh7+ Kc8 55. b4 axb4 56. Kc2 Nf5 57. Kb3 Be7 58. Rf7 Nd4+ 59. Kc4 Bc5 60. d6 b3 61. Kd5 b2 62. Rf8+ Kd7 63. Rf7+ Ke8 64. Rf1 Nxb5 65. Kc6 Nd4+ 66. Kc7 Ne6+ 67. Kc6 Kd8 68. Kd5 Nf4+ 69. Kc6 Be3 70. Rh1 Ng6 71. Rb1 Bd4 72. Kd5 Bg7 73. Rg1 Nf4+ 0-1

[Event "Badalona op 46th"]
[Site "Badalona"]
[Date "2022.08.03"]
[Round "2"]
[White "Anuj, Shrivatri"]
[Black "Anustoop, Biswas"]
[Result "1-0"]
[WhiteElo "2413"]
[BlackElo "2145"]
[PlyCount "46"]
[EventDate "2022.08.02"]
[EventType "swiss"]
[EventRounds "9"]
[EventCountry "ESP"]
[SourceTitle "CBM 209 Extra"]
[Source "ChessBase"]
[SourceDate "2022.09.30"]
[SourceVersion "1"]
[SourceVersionDate "2022.09.30"]
[SourceQuality "1"]

1. d4 d5 2. c4 c6 3. Nf3 Nf6 4. Nc3 e6 5. Bg5 Nbd7 6. e3 Qa5 7. Nd2 Bb4 8. Qc2 Ne4 9. Ncxe4 dxe4 10. Bh4 e5 11. a3 Bxd2+ 12. Qxd2 Qxd2+ 13. Kxd2 exd4 14. exd4 Nb6 15. Re1 f5 16. f3 Be6 17. fxe4 fxe4 18. Rxe4 Kd7 19. b3 Nc8 20. Bd3 Nd6 21. Re5 g6 22. d5 cxd5 23. cxd5 Bf5 1-0

[Event "Barcelona Sant Marti op-A 22nd"]
[Site "Barcelona"]
[Date "2022.07.21"]
[Round "9"]
[White "Anustoop, Biswas"]
[Black "Asylov, Miras"]
[Result "0-1"]
[WhiteElo "2175"]
[BlackElo "1947"]
[PlyCount "150"]
[EventDate "2022.07.13"]
[EventType "swiss"]
[EventRounds "9"]
[EventCountry "ESP"]
[SourceTitle "CBM 209 Extra"]
[Source "ChessBase"]
[SourceDate "2022.09.30"]
[SourceVersion "1"]
[SourceVersionDate "2022.09.30"]
[SourceQuality "1"]

1. e4 c5 2. Nf3 e6 3. g3 Nc6 4. Bg2 Nf6 5. Qe2 e5 6. 0-0 Be7 7. c3 0-0 8. d3 h6 9. Na3 Re8 10. Nc4 Bf8 11. Ne3 d5 12. Nh4 Be6 13. Qf3 Ne7 14. Nhf5 d4 15. Nxe7+ Rxe7 16. cxd4 cxd4 17. Nf5 Rc7 18. h3 Kh7 19. g4 g6 20. Ng3 Nd7 21. Qd1 Bd6 22. Nf5 gxf5 23. exf5 Bxf5 24. gxf5 Qh4 25. Qg4 Qxg4 26. hxg4 Rg8 27. Bf3 Nf6 28. g5 hxg5 29. Kg2 Kg7 30. Bd1 Nd5 31. Bb3 Ne7 32. Rh1 Nxf5 33. Rh5 Be7 34. Rh3 Rgc8 35. Bd2 Nh4+ 36. Kf1 Ng6 37. Kg2 Rc2 38. Bxc2 Rxc2 39. Bc1 f5 40. Rh2 Nh4+ 41. Kg3 e4 42. f4 Rxh2 43. Kxh2 e3 44. fxg5 Bb4 45. a3 e2 46. Bf4 e1Q 47. Rxe1 Bxe1 48. b4 Kg6 49. b5 Nf3+ 50. Kg2 Nxg5 51. a4 Ne6 52. Be5 Bc3 53. Kf3 Nc5 54. a5 a6 55. bxa6 bxa6 56. Ke2 Nb3 57. Kd1 Nxa5 58. Kc2 Nc6 59. Bc7 Nb4+ 60. Kd1 Nxd3 61. Ke2 Nb2 62. Bf4 a5 63. Bc1 a4 64. Bxb2 Bxb2 65. Kd3 a3 66. Kc2 f4 67. Kb1 f3 68. Ka2 f2 69. Kb1 d3 70. Ka2 d2 71. Kb1 d1Q+ 72. Ka2 Qd5+ 73. Kb1 f1Q+ 74. Kc2 Qe2+ 75. Kb1 Qed1# 0-1

[Event "Barcelona Sant Marti op-A 22nd"]
[Site "Barcelona"]
[Date "2022.07.20"]
[Round "8"]
[White "Nagare, Akhilesh"]
[Black "Anustoop, Biswas"]
[Result "1-0"]
[WhiteElo "1856"]
[BlackElo "2175"]
[PlyCount "71"]
[EventDate "2022.07.13"]
[EventType "swiss"]
[EventRounds "9"]
[EventCountry "ESP"]
[SourceTitle "CBM 209 Extra"]
[Source "ChessBase"]
[SourceDate "2022.09.30"]
[SourceVersion "1"]
[SourceVersionDate "2022.09.30"]
[SourceQuality "1"]

1. c4 e6 2. g3 d5 3. d4 dxc4 4. Bg2 a6 5. Nf3 Nc6 6. 0-0 Rb8 7. e3 Nf6 8. Qe2 b5 9. b3 cxb3 10. axb3 Bb7 11. Bb2 Nb4 12. Nc3 Ne4 13. Rfc1 Be7 14. Ne5 Nxc3 15. Bxc3 Bxg2 16. Kxg2 Rb6 17. Bxb4 Bxb4 18. Rxa6 Qd5+ 19. e4 Qb7 20. Rxb6 Qxb6 21. Nc6 Ba3 22. Rc3 Bd6 23. Qc2 g6 24. e5 Bf8 25. b4 h5 26. d5 exd5 27. e6 f5 28. Qa2 Qb7 29. Qxd5 Bd6 30. Rc5 Qc8 31. Rxb5 0-0 32. e7+ Rf7 33. Rb8 Qxb8 34. Nxb8 Bxe7 35. Nc6 Bd6 36. Nd8 1-0

[Event "Barcelona Sant Marti op-A 22nd"]
[Site "Barcelona"]
[Date "2022.07.16"]
[Round "4"]
[White "Martinez Mesa, Chaneli"]
[Black "Anustoop, Biswas"]
[Result "0-1"]
[WhiteElo "1875"]
[BlackElo "2175"]
[PlyCount "84"]
[EventDate "2022.07.13"]
[EventType "swiss"]
[EventRounds "9"]
[EventCountry "ESP"]
[SourceTitle "CBM 209 Extra"]
[Source "ChessBase"]
[SourceDate "2022.09.30"]
[SourceVersion "1"]
[SourceVersionDate "2022.09.30"]
[SourceQuality "1"]

1. d4 d5 2. Nf3 Nf6 3. e3 c5 4. b3 cxd4 5. exd4 Nc6 6. Bb2 Bg4 7. Nbd2 Qa5 8. Be2 Ne4 9. 0-0 Nc3 10. Qe1 Nxe2+ 11. Qxe2 e6 12. a3 Be7 13. Rfd1 0-0 14. c4 Bf6 15. Qe3 Qd8 16. h3 Bh5 17. g4 Bg6 18. Ne5 Bxe5 19. dxe5 d4 20. Qg3 f5 21. f4 fxg4 22. hxg4 Qc7 23. Rac1 Rae8 24. c5 Qd7 25. Nc4 Qd5 26. Nd6 Nxe5 27. Nxe8 Nf3+ 28. Kf2 Qe4 29. f5 Qe3+ 30. Kg2 Bxe8 31. Bxd4 Qxb3 32. Rb1 Qc2+ 33. Qf2 Nxd4 34. Qxc2 Nxc2 35. Kg3 exf5 36. Rxb7 f4+ 37. Kf2 Ne3 38. Rg1 Bc6 39. Rxa7 Rb8 40. Ke2 Be4 41. Re7 Rb2+ 42. Ke1 f3 0-1

[Event "Gujarat op 2nd"]
[Site "Ahmedabad"]
[Date "2019.09.26"]
[Round "7"]
[White "Anustoop, Biswas"]
[Black "Tamhankar, Siddhant"]
[Result "1-0"]
[WhiteElo "2154"]
[BlackElo "1750"]
[PlyCount "73"]
[EventDate "2019.09.22"]
[EventType "swiss"]
[EventRounds "10"]
[EventCountry "IND"]
[SourceTitle "EXT 2020"]
[Source "ChessBase"]
[SourceDate "2019.10.17"]
[SourceVersion "1"]
[SourceVersionDate "2019.10.17"]
[SourceQuality "1"]

1. e4 c5 2. b3 d6 3. Bb2 Nf6 4. Bb5+ Bd7 5. Bxd7+ Qxd7 6. Nc3 Nc6 7. f4 g6 8. Nf3 Bg7 9. Qe2 0-0 10. 0-0 Nh5 11. f5 Rac8 12. Nd1 a6 13. Bxg7 Kxg7 14. Ne3 Nf6 15. Nd5 Qd8 16. c3 Ne5 17. fxg6 hxg6 18. Ng5 Rh8 19. h3 Rh5 20. Qe3 c4 21. Qg3 b5 22. bxc4 Nxc4 23. d3 Ne5 24. Nf4 Qb6+ 25. d4 Rh6 26. Rf2 Ned7 27. Raf1 e6 28. e5 dxe5 29. dxe5 Nh5 30. Nxh5+ Rxh5 31. Kh1 f5 32. exf6+ Kf8 33. Qg4 Nc5 34. Re2 Rc6 35. f7 Rd6 36. Qxh5 gxh5 37. Nh7+ 1-0

[Event "Gujarat op 2nd"]
[Site "Ahmedabad"]
[Date "2019.09.25"]
[Round "6"]
[White "Sidhant, Mohapatra"]
[Black "Anustoop, Biswas"]
[Result "1-0"]
[WhiteElo "2357"]
[BlackElo "2154"]
[PlyCount "109"]
[EventDate "2019.09.22"]
[EventType "swiss"]
[EventRounds "10"]
[EventCountry "IND"]
[SourceTitle "EXT 2020"]
[Source "ChessBase"]
[SourceDate "2019.10.17"]
[SourceVersion "1"]
[SourceVersionDate "2019.10.17"]
[SourceQuality "1"]

1. Nf3 d5 2. c4 c6 3. e3 Nf6 4. Nc3 e6 5. b3 Nbd7 6. Qc2 Bd6 7. d4 a6 8. Be2 c5 9. cxd5 exd5 10. 0-0 0-0 11. Rd1 b5 12. dxc5 Nxc5 13. Ba3 Bb7 14. Nxb5 axb5 15. Bxc5 Rc8 16. b4 Ne4 17. Qb2 Nxc5 18. bxc5 Rxc5 19. a4 d4 20. Qxd4 Rd5 21. Qa7 Rxd1+ 22. Rxd1 Bxf3 23. Bxf3 Bb8 24. Rxd8 Bxa7 25. Rd7 Rc8 26. g3 Bc5 27. axb5 Rb8 28. Bc6 Kf8 29. Kf1 Be7 30. Ke2 f5 31. Kf3 Kf7 32. e4 g6 33. exf5 gxf5 34. Ra7 Kf6 35. Bd7 Bc5 36. Ra6+ Ke7 37. Bc6 Bb6 38. Ra4 Rd8 39. Ke2 Bd4 40. Rb4 Rd6 41. Rb3 Bb6 42. Ra3 Rd8 43. Ra6 Rb8 44. h3 Kd6 45. Ra4 Bd8 46. Rd4+ Ke6 47. f4 Be7 48. Bd7+ Kf7 49. Rd5 Rd8 50. b6 Rb8 51. Rb5 h5 52. Bxf5 Bd6 53. b7 h4 54. Bc8 hxg3 55. Kf3 1-0

[Event "Gujarat op 2nd"]
[Site "Ahmedabad"]
[Date "2019.09.23"]
[Round "3"]
[White "Anustoop, Biswas"]
[Black "Murshed, Niaz"]
[Result "1/2-1/2"]
[WhiteElo "2154"]
[BlackElo "2405"]
[PlyCount "42"]
[EventDate "2019.09.22"]
[EventType "swiss"]
[EventRounds "10"]
[EventCountry "IND"]
[SourceTitle "EXT 2020"]
[Source "ChessBase"]
[SourceDate "2019.10.17"]
[SourceVersion "1"]
[SourceVersionDate "2019.10.17"]
[SourceQuality "1"]

1. e4 e6 2. d4 d5 3. Nd2 Be7 4. Bd3 Nf6 5. e5 Nfd7 6. Ne2 c5 7. c3 Nc6 8. 0-0 a5 9. a4 cxd4 10. cxd4 Nb4 11. Bb5 0-0 12. Nf3 Nb8 13. Nc3 N8c6 14. Bf4 Bd7 15. Qd2 Rc8 16. Rfe1 Kh8 17. h3 f5 18. exf6 gxf6 19. Bf1 Qb6 20. Red1 Na7 21. Rac1 Bd6 1/2-1/2